| 000 | 00883 a2200169 4500 | ||
|---|---|---|---|
| 003 | Nust | ||
| 005 | 20221020133904.0 | ||
| 020 | _a3540406743 | ||
| 040 | _cNust | ||
| 082 | _a005.82,BON | ||
| 100 |
_aBoneh, Dan _9100994 |
||
| 245 |
_aAdvances in Cryptology- CRYPTO 2003 / _cDan Boneh (Ed). |
||
| 260 |
_aLondon _bSpringer |
||
| 300 | _a630:p | ||
| 505 | _aPublic Key Cryptanalysis I (Page-1), Alternate Adversary Models (Page-61), Invited Talk I (Page-96), Protocols (Page-110), Symmetric Key Cryptanalysis (Page-162) Public Key Cryptanalysis II (Page-212), Universal Compos ability (Page-247), Zero Knowledge (Page-282), Algebraic Geometry (Page-338), Public Key Construction (Page-366), Incited Talk II (Page-400), New Problems (Page-426) Symmetric Key Construction (Page-182), New Models (Page-530), Symmetric Key Cryptanalysis II (Page-583). | ||
| 942 |
_2ddc _cBK _k005.82,BON |
||
| 999 |
_c188748 _d188748 |
||